| 000 | 004780000a22001930004500 | ||
|---|---|---|---|
| 003 | LK-CoMWRAF | ||
| 005 | 20231116091349.0 | ||
| 008 | 230817t2001 ||||| |||| 00| 0 eng d | ||
| 020 | _a0140276335 | ||
| 040 |
_aLK-CoMWRAF _dLK-CoMWRAF _eLK-CoMWRAF |
||
| 041 | _aeng | ||
| 082 |
_a823 _bSMI |
||
| 100 | _aSmith, Zadie | ||
| 245 | _aWhite Teeth | ||
| 260 |
_aLondon : _bPenguin Books Ltd, _c2001 |
||
| 300 | _a541p | ||
| 650 | _aStudy Aids--English Proficiency | ||
| 942 | _cBK | ||
| 999 |
_c229 _d229 |
||